00776cam a22001934a 4500020002800000040000800028082002600036100002300062245009400085260004200179300003600221650002100257650002900278856006200307856005400369942000700423999001700430952013500447 a0070379955 (alk. paper) cDLC00a155 MCG 2001 A001 Or.1 aLindholm, Charles,10aCulture and identity :bthe history, theory, and practice of psychological anthropology / aBoston, Mass. :bMcGraw Hill,cc2001. axxxii, 448 p. :bill. ;c23 cm. 0aEthnopsychology. 0aPersonality and culture.42uhttp://www.loc.gov/catdir/description/mh021/00033921.html41uhttp://www.loc.gov/catdir/toc/mh021/00033921.html cEK c13143d13143 0010406155_000000000000000_MCG_2001_A001_OR70963372aLBAbLBAcA001d2017-08-20o155 MCG 2001 A001 Or.pA17926r2017-08-20yEK